Top 25 Closers in MLB - Statistics

General Stats
  • This quiz has been taken 17 times
  • The average score is 8 of 25
Answer Stats
Saves IP Throws Player % Correct
652 1283.2 R Mariano Rivera
100%
452 875.1 R Kenley Jansen
80%
601 1089.1 R Trevor Hoffman
80%
440 809.2 R Craig Kimbrel
73%
339 768.1 L Aroldis Chapman
67%
422 903.0 L Billy Wagner
60%
390 3285.2 R Dennis Eckersley
47%
478 1289.1 R Lee Smith
47%
368 725.2 R Jonathan Papelbon
33%
437 976.0 R Francisco Rodriguez
27%
377 923.1 R Joe Nathan
27%
424 1245.2 L John Franco
27%
341 1701.1 R Rollie Fingers
27%
314 715.0 R Robb Nen
20%
327 933.0 R Fernando Rodney
13%
329 824.2 R Francisco Cordero
13%
324 680.0 R Huston Street
13%
330 765.0 R John Wetteland
13%
321 1548.2 R Jose Mesa
13%
326 1071.1 R Roberto Hernandez
13%
319 1072.0 R Todd Jones
13%
358 708.2 R Troy Percival
13%
367 1132.1 R Jeff Reardon
7%
347 884.2 L Randy Myers
7%
318 1291.1 R Rick Aguilera
7%
No matching quizzes found
Score Distribution
Percent of People with Each Score
Percentile by Number Answered
Your Score History
You have not taken this quiz